[Event "New York op"]
[Site "New York"]
[Date "1998.03.20"]
[Round "7"]
[White "Anastasian, Ashot"]
[Black "Granda Zuniga, Julio E"]
[Result "0-1"]
[WhiteElo "2540"]
[BlackElo "2630"]
[Annotator "Ribli,Z"]
[PlyCount "70"]
[EventDate "1998.03.16"]
[EventType "swiss"]
[EventRounds "9"]
[EventCountry "USA"]
[SourceTitle "CBM 064"]
[Source "ChessBase"]
[SourceDate "1998.06.02"]
[SourceVersion "1"]
[SourceVersionDate "1998.06.02"]
[SourceQuality "1"]

1. c4 e6 2. g3 d5 3. Bg2 Nf6 (3... dxc4 $5) 4. Nf3 Be7 (4... dxc4 $5 {Dieser
Zug bietet Schwarz gute Ausgleichschancen, weil d2-d4 noch nicht gezogen wurde
und Weiß gezwungen ist, mit 5.Qa4 und späterem Qxc4 Zeit zu verlieren. Schwarz
hingegen kann in der Zwischenzeit seine Entwicklung beenden.}) 5. O-O O-O 6. d4
dxc4 7. Nbd2 $6 {In dieser Variante steht der Springer unnatürlich auf d2.
Meiner Meinung nach ist diese Fortsetzung sehr riskant für Weiß und verschafft
ihm keineswegs Vorteil.} b5 8. b3 $6 $146 {Mit dem Textzug gibt Weiß die
Hoffnung auf, den Bauern zurückzugewinnen - nach 8...cxb3 9.axb3 hat er einen
Bauern weniger. Schwarz hat aber -anstelle des Tausches- eine noch viel
bessere Möglichkeit.} (8. a4 c6 9. axb5 cxb5 10. Ng5 (10. Ne5 Nd5 11. e4 Nb4
12. Ndf3 Bb7 13. Ne1 N8c6 14. Nxc6 Bxc6 15. Be3 Qd7 16. Qe2 Qb7 17. Bd2 Rfd8 {
0-1 Longo,E-Geller,E/Woerishofen chs 1992 (23)}) 10... Nd5 11. Ndf3 h6 12. e4
Nb4 13. Nh3 Bb7 14. Ne5 N8c6 15. Be3 Nxe5 16. dxe5 Nd3 {0-1 Celis,S-Minasian,A/
Erevan olm 1996 (34)}) (8. Qc2 Bb7 9. e4 (9. b3 cxb3 10. Nxb3 Be4 11. Qb2 Nbd7
12. Rd1 Qb8 13. Bf4 Qb6 14. Rac1 Rac8 15. Ne5 Bxg2 16. Kxg2 Nxe5 17. Bxe5 Nd7 {
0-1 Carless,D-Zarnicki,P/Erevan olm 1996 (33)}) 9... Nc6 10. e5 Nb4 11. Qb1
Nfd5 12. Ne4 Nd3 13. b3 Rb8 14. a3 Nb6 {0-1 Casagrande,H-Fauland,A/AUT-ch 1993
(33)}) 8... c3 $1 (8... cxb3 9. axb3 $44 {Ich bin nicht sicher, ob Weiß
ausreichende Kompensation für den Bauern hat, aber mit späterem Qc2 und e2-e4
bekommt er etwas Spiel für das Material.}) 9. Nb1 b4 $15 {[%csl Rb1,Gb4,Gc3]}
10. a3 Bb7 {Mit Hilfe natürlicher Entwicklungszüge verbessert Schwarz seine
Stellung.} (10... c5 11. Ne5 $13 {[%csl Gg2][%cal Rg2a8]}) 11. axb4 Bxb4 12.
Bg5 (12. Ba3 c5 13. Bxb4 (13. dxc5 Qxd1 14. Rxd1 c2 $19 {[%csl Gc2][%cal Rc2d1,
Rc2b1]}) (13. Qc2 Be4 14. Qa2 Nc6 $17) 13... cxb4 $17 {[%csl Rb1,Gb4,Gc3] Weiß
hat in dieser Partie große Probleme, seinen Nb1 zu entwickeln.}) 12... c5 13.
Qd3 {Weiß hat nicht nur einen Bauern weniger, sondern auch große
Entwicklungsprobleme, das bedeutet: seine Eröffnungswahl war schlecht.} (13.
dxc5 Qxd1 14. Rxd1 c2 $19) 13... Nc6 14. Bxf6 (14. dxc5 Qxd3 15. exd3 Rad8 $15
(15... Nd5 $15 {[%csl Rb1,Gb4,Gc3,Gd5]}) (15... Bxc5 $6 16. Nxc3 {In dieser
Variante kann Weiß fast ausgleichen, Schwarz behält aber wegen der Schwäche
auf d3 einen kleinen Vorteil.})) (14. Ne5 Nxe5 15. dxe5 Qxd3 16. exd3 Bxg2 17.
Kxg2 (17. exf6 $2 Bxf1 $19) 17... Nd5 $17 {[%csl Rb1,Gb4,Gc3,Gd5]}) (14. Nxc3
Nxd4 15. Nxd4 Bxg2 16. Kxg2 Qxd4 $17) 14... Qxf6 (14... gxf6 15. Nxc3 Nxd4 16.
Nxd4 Bxg2 17. Kxg2 Qxd4 18. Qxd4 cxd4 19. Nb5 $15) 15. Ne5 {Mit dem Partiezug
versucht Weiß, im Trüben zu fischen.} (15. Nxc3 Bxc3 (15... Nxd4 16. Nxd4 Bxg2
17. Kxg2 Qxd4 $17) 16. Qxc3 cxd4 $17 17. Nxd4 $2 Nxd4 18. Bxb7 Nxe2+ $19) 15...
Nxd4 $1 {Schwarz opfert eine Qualität. Aufgrund der beiden Mehrbauern, des
Freibauern auf c3 und des starken Zentrums besitzt er die besseren Karten.} (
15... Rfc8 $5 16. Bxc6 (16. Nxc3 Bxc3 17. Qxc3 cxd4 $19) (16. Nd7 Qxd4 $19)
16... Bxc6 17. Nxc3 cxd4 18. Qxd4 Bxc3 19. Qxc3 Bg2 $17) 16. Nd7 (16. Bxb7 Qxe5
17. Bxa8 Nxe2+ 18. Kg2 Rxa8 $17 19. Re1 Nf4+ $19 {[%cal Re5e1,Rf4g2,Rf4d3]})
16... Qd8 17. Nxf8 (17. Bxb7 Qxd7 18. Bxa8 Rxa8 $17 19. Nxc3 $2 (19. e3 Nf3+
$19 {[%cal Rd7d3]}) (19. Re1 c2 {[%cal Rb4e1,Rc2b1]} 20. Nd2 Bxd2 21. Qxd2 Nf3+
22. exf3 Qxd2 $19) 19... Bxc3 20. Qxc3 Nxe2+ $19) 17... Bxg2 18. Kxg2 (18.
Qxh7+ Kxf8 $17) 18... Nxb3 $1 $17 {Jetzt hat Schwarz einen ganzen Turm weniger,
aber es hängen Nf8 und Ra1. Außerdem besitzt Schwarz inzwischen drei
Mehrbauern.} (18... Qxf8 19. Nxc3 Nxb3 $15 (19... Bxc3 $2 $14 20. Qxc3 Nxe2 21.
Qc4 Nd4 22. b4)) 19. Qxh7+ Kxf8 20. Ra2 (20. Qh8+ Ke7 21. Qxd8+ (21. Qh4+ f6
$17) 21... Kxd8 22. Ra2 a5 $17) 20... Nd4 {[%cal Rd8d5,Rd5a2,Rd5g2] Schwarz
verfügt über sehr gefährliches Figurenspiel. Sein Pc3 entscheidet den Kampf.}
21. e4 g6 {Schwarz muß nicht eilen. Es ist nicht zu sehen, wie Weiß seine
Stellung verbessern könnte.} 22. Qh8+ Ke7 23. Qe5 Nb5 24. Rc1 Qd4 25. Qf4 (25.
Qxd4 cxd4 $19 {[%cal Rd4d3,Rd3d2,Rd2d1,Rc3c2,Rc2c1]}) 25... Rd8 {[%csl Ra2,Rb1,
Gb4,Gb5,Rc1,Gd4,Gd8,Rf4]} 26. Re2 a5 {Weiß hat keine Hoffnung mehr, diese
Partie noch zu retten. Die schwarze Bauernmasse am Damenflügel ist nicht
aufzuhalten.} 27. Re3 Qf6 28. Qg4 Qd4 {Natürlich strebt Schwarz keine
dreimalige Zugwiederholung an. In Zeitnot ist Zugwiederholung ein gutes Mittel,
um etwas Bedenkzeit zu sparen.} 29. Rf3 Qe5 30. Qh4+ {Der weiße Angriff hat
nur symbolischen Wert, in Wirklichkeit hat er nichts Konkretes.} g5 31. Qh5 {
[%cal Rh5f7,Rf3f7]} Rf8 32. h4 Qxe4 $19 {[%csl Ge4,Rg2][%cal Rb5d4,Rd4f3]} 33.
Kg1 (33. Qxg5+ f6 34. Qg7+ Rf7 $19) 33... c2 {[%csl Gc2]} 34. Na3 Bxa3 {
Jetzt hat Schwarz großen Materialvorteil.} 35. Re3 Qf5 {Und in dieser völlig
hoffnungslosen Stellung gab Weiß auf. Ribli.} 0-1

[Event "Pulvermuehle 2nd"]
[Site "Pulvermuehle"]
[Date "2004.02.22"]
[Round "4"]
[White "Bezold, Michael"]
[Black "Prusikin, Michael"]
[Result "1-0"]
[WhiteElo "2456"]
[BlackElo "2519"]
[Annotator "Ribli,Z"]
[PlyCount "53"]
[EventDate "2004.02.19"]
[EventType "tourn"]
[EventRounds "11"]
[EventCountry "GER"]
[EventCategory "11"]
[SourceTitle "CBM 100"]
[Source "ChessBase"]
[SourceDate "2004.06.01"]
[SourceVersion "1"]
[SourceVersionDate "2004.06.01"]
[SourceQuality "1"]

1. c4 e6 2. Nf3 Nf6 3. g3 d5 4. Bg2 Be7 {Dieser Läuferzug ist natürlich nicht
schlecht, aber nach meiner persönlichen Meinung bietet 4...dxc4 Schwarz
bessere Ausgleichschancen.} 5. O-O O-O 6. d4 dxc4 7. Qc2 a6 8. a4 Bd7 9. Qxc4
Bc6 10. Bg5 a5 {Die Alternative ist 10...Bd5, wonach Schwarz auf c7-c5 spielt.
Mit dem Textzug möchte Schwarz den Springer mit Na6-Nb4 ins Spiel bringen.} 11.
Nc3 Na6 12. Rad1 (12. Bxf6 Bxf6 13. e4 Nb4 14. Rfd1 {Diese Variante führt zu
einer ähnlichen Stellung wie unsere Partiefortsetzung, aber hier steht der
andere Turm auf d1. In der Tat, es gibt zwei wichtige
Turmstellungsmöglichkeiten - Rfd1 und Rac1, oder Rad1 und Rfe1.}) 12... Nb4 13.
Bxf6 {Das ist die weiße Hauptstrategie in dieser Variante - Weiß tauscht den
Läufer gegen den Springer und möchte im folgenden mit e2-e4 eine starke
Zentrumsstellung bekommen.} Bxf6 14. e4 b6 15. Rfe1 {Die Alternative 15.d5 ist
sehr populär in dieser Stellung, aber mit guter Verteidigung kann Schwarz
Ausgleich erhalten. Mit dem Textzug bringt Weiß den Turm ins Spiel.} (15. d5
exd5 16. exd5 Bb7 17. Nd4 Bxd4 18. Rxd4 Ba6 (18... Qd7 19. Rc1 (19. Rfd1 Rae8
20. h4 Re5 21. Nb5 Na6 22. Kh2 Nc5 23. Qc2 Ba6 24. Nc3 Qd6 25. Rf4 Rfe8 {
0-1 Thorfinnsson,B-Kristjansson,S/Strandgotu ISL 2001/ (56)}) 19... Rfd8 20. h4
Na6 21. Ne4 Nb4 22. Rcd1 h6 23. Kh2 Qe7 24. Nc3 Na6 25. R4d3 Qc5 {1/2-1/2
Anastasian,A-El Arousy,A/Dubai UAE 2002/ (35)}) 19. Nb5 Qf6 20. Rfd1 Rac8 21.
Qc3 $5 Bxb5 22. axb5 Qd6 23. Rg4 $1 $36 {1/2-1/2 Vaganian,R-Ribli,Z/Germany
2002/(28)}) (15. Rd2 {[%cal Gf1d1]}) 15... Bb7 {[%cal Gb7a6,Ga6c4] Schwarz
verbessert seine Läuferstellung und möchte eventuell Ba6 spielen.} 16. Qb3 c6 {
Auf diese Weise möchte Schwarz die potenzielle Drohung d4-d5 verhindern, aber
dieser Zug gefällt mir nicht, weil Schwarz den b7-Läufer von selbst
einschließt.} (16... g6 $5 {[%cal Gf6g7]}) 17. h4 {Das ist ein typyscher
Raumgewinnzug in dieser Variante.} Qb8 $6 (17... h6 18. Rd2 Qc7 19. Nh2 Rfd8
20. Red1 Be7 21. Ng4 Bf8 22. Ne3 Rd7 23. f4 Rad8 24. Kh2 Bd6 25. Ne2 Bf8 26.
Nc4 {1-0 Kurajica,B-Zelic,Z/Tucepi 1996/EXT 97 (51)}) (17... g6 18. e5 Bg7 19.
Ne4 $14) 18. e5 Be7 19. Ng5 h6 $2 {Dieser Zug ist unvorsichtig. Schwarz
provoziert das Opfer auf e6, was hier klar vorteilhaft für Weiß ist.} (19...
Bxg5 20. hxg5 c5 21. Bxb7 Qxb7 22. dxc5 bxc5 23. Ne4 $14) {[#]} 20. Nxe6 $1 {
[%mdl 512] Mit diesem Springeropfer bekommt Weiß nur zwei Bauern für die Figur,
aber im folgenden wird sein Angriff gewinnbringend.} fxe6 21. Qxe6+ Rf7 22. Be4
$16 {[%csl Ge4,Ge6,Yg6,Rg8,Yh7] Die Mehrheit der schwarze Figuren steht am
Damenflügel, wähend Weiß tödlich 23.Qg6 droht; die weißfarbigen Felder am
schwarzen Königsflügel sind zu schwach.} Bc8 (22... Qc8 23. Qg6 Kf8 24. Qh7 Ke8
25. Bg6 $18) 23. Qg6 Kf8 24. Qh7 Ke8 25. Bg6 {[%csl Re8,Rf7][%cal Rg6e8]} Be6
26. Qxg7 $18 {[%mdl 128] Das ist schon der dritte Bauern für die Figur, aber
was wichtiger ist: Schwarz hat keine Verteidigung gegen die vielen Drohungen.}
Qc8 27. Ne4 1-0

[Event "Solin 9th"]
[Site "Solin/Split"]
[Date "2001.12.13"]
[Round "6"]
[White "Kurajica, Bojan"]
[Black "Zelcic, Robert"]
[Result "1-0"]
[WhiteElo "2542"]
[BlackElo "2547"]
[Annotator "Ribli,Z"]
[PlyCount "95"]
[EventDate "2001.12.08"]
[EventType "tourn"]
[EventRounds "9"]
[EventCountry "CRO"]
[EventCategory "12"]
[SourceTitle "CBM 087"]
[Source "ChessBase"]
[SourceDate "2002.03.21"]
[SourceVersion "1"]
[SourceVersionDate "2002.03.21"]
[SourceQuality "1"]

1. c4 Nf6 2. g3 e6 3. Bg2 d5 4. Nf3 Be7 5. O-O O-O 6. d4 dxc4 7. Ne5 {Dieser
Zug wird selten gespielt - in der Großmeisterpraxis spielt man gewöhnlich 7.
Qc2. Aber man dard diesen Zug nicht unterschätzen - Weiss öffnet die Diagonale
des g2-Läufers und möchte den c4-Bauern mit dem Springer nehmen.} Nc6 {Wie in
der Variante 6.Nc3 (nach den Zügen 1.d4 Nf6 2.c4 e6 3.g3 d5 4.Bg2 Be7 5.Nf3
0-0 6.Nc3 dxc4), ist auch hier dieser Springerzug - der eigentlich ein
Bauernopfer darstellt - eine Möglichkeit für Schwarz.} 8. Bxc6 (8. Nxc6 bxc6 9.
Na3 (9. Bxc6 Rb8 10. Nc3 Nd5 $13) 9... Bxa3 10. bxa3 Ba6 (10... Nd5)) 8... bxc6
9. Nxc6 Qe8 10. Nxe7+ Qxe7 11. Qa4 e5 {Dieser Zug ist auch spielbar, aber nach
meiner persönlichen Meinung scheint mir der andere Bauernzug ( 11...c5) besser
zu sein. In meiner Partie gegen Krasenkow spielte ich selbst diese Alternative.
} (11... c5 $5 12. Qxc4 cxd4 13. Qxd4 Rd8 $5 (13... e5) 14. Qh4 Rb8 15. b3 Ba6
16. Nc3 Qc5 17. Ne4 Nxe4 18. Qxe4 Rb4 19. Qe3 Qc2 $1 20. Ba3 Re4 21. Rfc1 Qxe2
{1/2-1/2 Krasenkow,M-Ribli,Z/Deutschland 72/(444) 1998 (21)}) 12. dxe5 Qxe5 13.
Qxc4 {Der Anziehende hat einen Bauern mehr, aber seine weißen Felder am
Königsflügel sind geschwächt und Schwarz hat Entwicklungsvorteil. Die große
Frage ist - kann Schwarz konkrete Drohungen und konkrete Gegenchancen kreieren
rufen oder nicht.} (13. Nc3 Qe6 (13... Ne4 14. Qxc4 Nxc3 15. Qxc3 Qxe2 16. Re1
Qb5 17. Re5 Qd7 18. Bf4 Bb7 19. Rg5 f6 20. Qb3+ $14) 14. Bf4 Ne4 15. Rfe1 $11)
13... Be6 14. Qd3 (14. Qa6) (14. Qc2) 14... Rad8 (14... Nd5 $5 15. Nc3 Nxc3 16.
bxc3 Rad8 $44 {Ziatdinov,R}) (14... Rab8) 15. Qe3 Qh5 16. f3 {Wegen der
Drohung Ng4 muss Weiß so spielen.} Rfe8 (16... Bc4 17. Nc3 Rfe8 18. Qg5 $1 $16)
17. Qg5 Qh3 (17... Bc4 18. Qxh5 Nxh5 19. Re1 (19. Nc3 $5 Bxe2 20. Rf2 Ba6 21.
Bg5 $36) 19... Rxe2 20. Rxe2 Bxe2 21. Kf2 Bc4 22. Nc3 $14 {1/2-1/2 Pigusov,
E-Raetsky,A/Voronezh 1988/EXT 99 (29)}) 18. Nc3 {Dieser Entwicklingszug ist
ganz gut, aber die Alternative 18.Qc5 kommt auch stark in Betracht.} (18. Qc5
$5 Bd5 19. e4 Nxe4 (19... Rxe4 20. fxe4 Ng4 21. Rf2 Nxh2 (21... Bxe4 22. Nc3
Nxh2 23. Qxc7 {1-0 Stohl,I-Oral,T/Olomouc 1997/CBM 61 (23)}) 22. Qxc7 Rc8 23.
Rxh2 Rxc7 24. Rxh3 Rxc1+ 25. Kf2 {1-0 Gelfand,B-Timoscenko,G/Sverdlovsk 1987/
TD (41)}) 20. fxe4 Bxe4 21. Qf2 Bb7 22. Nc3 Re7 23. Bf4 Rde8 24. Rad1 h6 25.
Rd4 Qe6 26. Rfd1 Qc6 27. Rd5 Rd7 28. Qc5 Rxd5 29. Rxd5 Qg6 {1/2-1/2 Lima,
D-Leitao,R/Sao Paulo 2000/CBM 76 ext (39)}) 18... Bc4 19. Rf2 Rxe2 (19... Bxe2
20. Be3 Ba6 21. Bxa7 $14 Rd6 22. b4 Rde6 23. Qc1 h5 24. b5 Bb7 25. Qf1 Qf5 26.
a4 h4 {0-1 Kachiani Gersinska,K-Bojkovic,N/Belgrade 1990/TD (36)}) 20. Be3 $14
{[%mdl 4] Schwarz hat scheinbar eine sehr aktive Stellung, aber Weiß
kontrolliert die wichtigsten Punkte und die weiße Bauernstruktur ist besser.} (
20. Nxe2 $4 Rd1+ $19) 20... Rxf2 21. Bxf2 Ba6 (21... a6 $142 $5 22. Ne4 Qe6 $14
) 22. Ne4 {[%cal Gg5d8] Der f6N ist gefesselt, so kann Weiß die Bauernstruktur
des Gegners noch mehr verschlechtern.} (22. Bxa7 $5 Bb7 23. Qf4 $14) 22... Qe6
23. Bxa7 $16 {Weiß hat einen Bauern mehr, aber die Verwertung des Vorteils ist
gar nicht leicht - wegen der Anwesenheit der ungleichfarbigen Läufer auf dem
Brett.} Kh8 {Schwarz möchte 24...Rd5 spielen und vermeidet den Zug 24.Nxf6 mit
Schach.} 24. Nxf6 (24. Rc1 Rd5) 24... gxf6 (24... Qxf6 25. Qxf6 gxf6 26. Be3
$16) 25. Qf4 {[%csl Gf4] Weiß hat einen Bauern mehr und seine Bauernstruktur
ist viel besser.} Rd5 $6 (25... Qe5) 26. Bd4 {[%csl Gd4][%cal Gd4h8] Mit
diesem Zug verbessert Weiß seine Läuferstellung.} Kg7 27. Bc3 {[%csl Gc3]} Qd6
28. Qxd6 Rxd6 29. Rc1 {[%cal Gc1c7][%mdl 4096]} Re6 $6 (29... c6 $16) 30. Bd4 {
[%cal Gc1c7] Dank 29...Re6?! kontrolliert Weiß jetzt die c-Linie.} c6 (30...
Rd6 31. Be3 $16) 31. g4 {[%cal Rg4g5,Rd4g7]} Kg6 32. Rc5 {[%csl Gc5][%cal
Gc5a5,Gc5h5]} Bd3 33. h4 {Weiß spielt dieses Endspiel sehr stark - zuerst
mobolisiert er seine Reserven am Königsflügel und mit dem a-Bauern kommt er
nur später, im entscheidenden Moment.} Rd6 34. h5+ Kg7 35. Bc3 {Jetzt droht 36.
g5 mit sofortigem Gewinn.} Kf8 36. Ra5 {[%cal Ga5a7,Ga7h7]} Ke8 37. Kf2 Kd7 38.
Ra7+ Ke8 39. Ke3 {[%csl Ge3] Weiß verbessert seine Königsstellung - Schwarz
kann praktisch nichts machen, nur warten.} Bc4 40. Ra8+ Kd7 41. Ra5 Re6+ 42.
Kf4 Bd5 43. Ra7+ Ke8 44. a4 $18 {[%csl Ga4] Der a-Freibauer entscheidet die
Partie.} f5 45. gxf5 (45. g5 $18) 45... Re2 46. Bf6 c5 47. a5 Kf8 48. Rc7 (48.
Rc7 c4 49. a6 $18) 1-0

[Event "Santa Monica"]
[Site "Santa Monica"]
[Date "2004.05.13"]
[Round "3"]
[White "Mikhalevski, Victor"]
[Black "Yudasin, Leonid"]
[Result "1-0"]
[WhiteElo "2550"]
[BlackElo "2553"]
[Annotator "Ribli,Z"]
[PlyCount "79"]
[EventDate "2004.05.11"]
[EventType "tourn"]
[EventRounds "9"]
[EventCountry "USA"]
[EventCategory "9"]
[SourceTitle "CBM 102"]
[Source "ChessBase"]
[SourceDate "2004.09.23"]
[SourceVersion "1"]
[SourceVersionDate "2004.09.23"]
[SourceQuality "1"]

1. d4 Nf6 2. c4 e6 3. g3 d5 4. Bg2 Be7 5. Nf3 O-O 6. O-O dxc4 7. Qc2 a6 8. a4 {
Diese Spielweise ist besonders populär in letzter Zeit - Weiß nimmt nicht
sofort den c4-Bauern (wonach 8...b5 und 9...Bb7 kommen würde), denn es
verhindert die Möglichkeit b7-b5.} Bd7 9. Qxc4 Bc6 10. Bf4 {Gewöhnlich spielt
Weiß 10.Bg5, mit der Idee Bxf6 und in vielen Varianten (nach Vorbereitung)
kann Weiß das Zentrum mit e2-e4 besetzen.} a5 {Schwarz folgt einem logischen
Plan - er spielt gegen das schwache b4-Feld.} 11. Nc3 Na6 12. Rac1 (12. Rfe1)
12... Nb4 {Nach 10...a5 und 11...Na6 ist das die konsequente Fortsetzung - die
Alternative 12...Bxf3 und 13...c6 bietet Schwarz eine sehr feste Stellung,
aber in diesem Fall bleibt er ohne Gegenspiel und Weiß kann mit e2-e4 das
Zentrum besetzen und bekommt freie Hand.} 13. Rfe1 {[%cal Ge2e4] Weiß bereitet
14.e4 vor. Ich merke an, dass in dieser Variante bei f4-Läuferstellung die
Türme gut auf c1 und auf e1 stehen.} Nfd5 {Dieser Springerzug wurde in einige
Partien gespielt, aber die Alternative 13...Bd6 kommt auch stark in Betracht.}
(13... Bd6 14. Bg5 (14. e3 Nfd5 15. Qe2 Nxf4 16. gxf4 f6 17. Kh1 Qe8 18. b3 e5
19. fxe5 fxe5 20. d5 e4 {1/2-1/2 Lautier,J-Beliavsky,A/Belgrade 1995/CBM 51 
(49)}) 14... Bd5 15. Nxd5 exd5 16. Qb3 h6 17. Bxf6 Qxf6 18. e3 Rae8 19. Qd1 Re7
20. Rc3 Rfe8 21. Qb1 c6 22. Rd1 Qe6 23. Nd2 Na6 {1-0 Kasparov,G-Gelfand,B/
Moscow 1996/CBM 52 ext (57)}) 14. Nxd5 (14. e4 $6 Nxf4 15. gxf4 b6 16. Nb5 Bxb5
17. axb5 Rc8 18. f5 exf5 19. Bh3 fxe4 20. Bxc8 exf3 21. Bg4 Bd6 22. Bxf3 Qh4
$44 {1/2-1/2 Mikhalevski,V-Minero Pineda,S/San Salvador ESA 2003/(29)}) 14...
exd5 (14... Qxd5 15. Qxd5 Nxd5 16. Ne5 Nxf4 17. Nxc6 Nxe2+ 18. Rxe2 bxc6 19.
Bxc6 Rad8 20. d5 Bb4 21. dxe6 fxe6 22. Bb5 c5 23. Bc4 {1/2-1/2 Delchev,A-Flear,
G/Creon 2001/EXT 2002 (42)}) 15. Qb3 b6 $6 {Die schwarze Idee ist nach 16.Ne5
den Läuferzug 16...Bb7 zu spielen, aber dieser Zug gefällt mir nicht.} (15...
Bd6) (15... f6 $5 {Einerseits schwächt dieser Bauernzug ein wenig die schwarze
Stellung,anderseits kontrolliert er das e5-Feld.}) 16. Rc3 {[%cal Ge1c1,Gc1c7]
Dieser Zug ist natürlich nicht schlecht, aber der Springerzug 16.Ne5 bietet
Weiß einfach bessere Chancen.} (16. Ne5 Bb7 17. Nd3 (17. Nd7 $1 $16) 17... Nxd3
18. Qxd3 Bd6 19. Bxd6 Qxd6 20. Rc2 f5 21. Rec1 Rf7 22. Qb5 Rd8 23. b4 axb4 24.
a5 $36 {1-0 Grivas,E-Nyysti,S/Rethymnon 2003/CBM 98 (43)}) 16... Bd6 (16... Qe8
17. Ra1 $14) 17. Bxd6 (17. Ne5 $14) 17... cxd6 $6 {Auf diese Weise kann
Schwarz das e5-Feld kontrollieren, aber seine Bauernstruktur wird ganz
schlecht.} (17... Qxd6 18. Rec1 Rac8 19. Ne5 Bb7 20. Bh3 (20. e3 c5 $11) 20...
f5 21. Bg2 c5 $11) 18. Ra1 {Mit diesem positionellem Zug verteidigt Weiß
zuerst den a4-Bauern.} Re8 19. e3 $14 {Weiß verstärkt seine Bauernstruktur und
im Folgenden möchte er die beste schwarze Figur, den b4-Springer tauschen.} b5
20. axb5 Bxb5 21. Ne1 {[%csl Ge1][%cal Ge1c2,Gc2b4,Gg2d5] Weiß öffnet die
Diagonale des g2-Läufers und möchte Nc2 spielen.} Bc4 22. Qd1 Qb6 23. Bf3 $1 {
[%cal Ge1g2,Gg2f4][%mdl 32] Weiß lässt den b4-Springer, er bereitet das
Springermanöver Ng2-Nf4 vor.} (23. Nc2 a4 24. Nxb4 Qxb4 25. Rca3 Bb3 $11) 23...
h6 24. Ng2 Qb5 25. Nf4 {Jetzt ist die weiße Drohung 26.b3, so dass Schwarz 25..
.a4 ziehen muss.} a4 26. Bg2 Nc6 27. Rca3 Ne7 (27... Qxb2 $6 28. Nxd5 $16) 28.
Rxa4 Bb3 {[%cal Rb3a4,Rb3d1]} 29. Qxb3 $1 {[%mdl 512] Das ist die weiße Idee -
Weiß opfert die Dame für Läufer und Turm und wegen der schlechten schwarzen
Bauernstruktur kann er im Folgenden weiteres Material bekommen.} Qxb3 30. Rxa8
Kf8 (30... Rxa8 31. Rxa8+ Kh7 32. Ra7 Ng6 33. Nxg6 Kxg6 34. Rd7 Qb4 35. Bxd5
$16) 31. R8a5 {[%csl Rd5]} Qxb2 32. Nxd5 Nxd5 33. Bxd5 $16 {[%csl Ga1,Ga5,Gd5,
Rd6,Rf7] Nach Vereinfachungen haben wir eine Stellung, wo Weiß R+B+P gegen
eine Dame hat, aber Weiß dank seiner Aktivität klar die bessere Stellung hat.
Jetzt ist die weiße Drohung 34.Ra7 und nach 34...Re7 35.Rxe7 und 36.Ra7+.} g5
34. Kg2 f6 35. R1a2 Qb4 36. Ra6 Re7 37. Rc6 {[%csl Rf8][%cal Ra2a8,Ra8f8]} f5 (
37... Qb5 38. Rxd6 $18) 38. Ra8+ Kg7 39. Rg8+ Kh7 40. Rcc8 (40. Rcc8 Qa5 41.
Rh8+ Kg6 42. Bc6 g4 43. h3 gxh3+ 44. Kxh3 $18) 1-0